Hacienda pública (Registro nro. 992)

Detalles MARC
000 -LEADER
fixed length control field 02677 a2200289 4500
001 - CONTROL NUMBER
control field 22375
005 - DATE AND TIME OF LATEST TRANSACTION
control field 20260407155514.0
008 - FIXED-LENGTH DATA ELEMENTS--GENERAL INFORMATION
fixed length control field 260407a1992 arg spa d
003 - CONTROL NUMBER IDENTIFIER
control field AR-UNSa-BCEJYS
040 ## - CATALOGING SOURCE
Original cataloging agency AR-UNSa-BCEJYS
Language of cataloging spa
Transcribing agency AR-UNSa-BCEJYS
080 ## - UNIVERSAL DECIMAL CLASSIFICATION NUMBER
Universal Decimal Classification number 336.1
Common auxiliary subdivision Finanzas Públicas. Finanzas del gobierno en general<br/> <br/>
020 ## - INTERNATIONAL STANDARD BOOK NUMBER
International Standard Book Number 978-84-7615-756-5
100 1# - MAIN ENTRY--PERSONAL NAME
Personal name Musgrave, Richard A.
245 10 - TITLE STATEMENT
Title Hacienda pública
Name of part/section of a work teórica y aplicada
250 ## - EDITION STATEMENT
Edition statement 5a. ed
264 #1 - PRODUCTION, PUBLICATION, DISTRIBUTION, MANUFACTURE, AND COPYRIGHT NOTICE
Place of production, publication, distribution, manufacture Madrid :
Name of producer, publisher, distributor, manufacturer McGraw-Hill
Date of production, publication, distribution, manufacture, or copyright notice 1992
300 ## - PHYSICAL DESCRIPTION
Extent xviii, 779 p.
Dimensions 24 cm.
505 ## - FORMATTED CONTENTS NOTE
Formatted contents note 1. Las funciones fiscales: una panorámica - 2. El sector público en la contabilidad nacional - 3. Instituciones fiscales - 4. Provisión de bienes públicos - 5. Otra consideración de los bienes sociales - 6. Equidad en la distribución - 7. Elección pública y política fiscal - 8. Gastos públicos: estructura y crecimiento - 9. Evaluación del gasto: principios - 10. Estudios empíricos sobre política de gasto. Servicios públicos - 11. Estudios empíricos sobre política de gasto. Mantenimiento de renta y seguridad social - 12. Introducción a la imposición - 13. Enfoques de la equidad tributaria - 14. Incidencia de los impuestos y de los gastos. Una panorámica - 15. Principios de la incidencia impositiva - 16. El exceso de gravamen y el diseño impositivo - 17. Efectos de la imposición sobre la capacidad productiva: una perspectiva de oferta - 18. Desarrollo y composición de la estructura tributaria de los Estados Unidos - 19. El impuesto sobre la renta personal: definición de renta imponible - 20. Impuesto sobre la renta personal: otros problemas - 21. El impuesto sobre la renta de sociedades: estructura e integración - 22. El impuesto sobre la renta de sociedades: cuestiones adicionales - 23. Impuestos sobre el consumo - 24. Los impuestos sobre la propiedad y la riqueza - 25. Impuestos sucesivos - 26. El impuesto sobre las nóminas - 27. Principios de la hacienda multijurisdiccional - 28. Principios de la hacienda federal - 29. La estructura del federalismo fiscal en los Estados Unidos - 30. Principios de la política de estabilización - 31. otras cuestiones de política fiscal - 32. La economía de la deuda pública - 33. Coordinación fiscal internacional - 34. Hacienda del desarrollo
590 ## - LOCAL NOTE (RLIN)
Local note niveau_biblio:m niveau_hierar:0
700 1# - ADDED ENTRY--PERSONAL NAME
Personal name Musgarve, Peggy B.
700 1# - ADDED ENTRY--PERSONAL NAME
Personal name Corona Ramon, Juan Francisco
700 1# - ADDED ENTRY--PERSONAL NAME
Personal name Costas Terrones, Juan Carlos
700 1# - ADDED ENTRY--PERSONAL NAME
Personal name Diaz Alvarez, Amelia
700 1# - ADDED ENTRY--PERSONAL NAME
Personal name Lozano Irueste, Jose María
856 41 - ELECTRONIC LOCATION AND ACCESS
Uniform Resource Identifier <a href="https://www.biblioeco.unsa.edu.ar/pmb/images/libros/L128173.jpg">https://www.biblioeco.unsa.edu.ar/pmb/images/libros/L128173.jpg</a>
Link text Imagen de portada
Electronic format type image/jpeg
942 ## - ADDED ENTRY ELEMENTS (KOHA)
Koha item type
Existencias
Withdrawn status Lost status Damaged status Not for loan Home library Current library Shelving location Date acquired Total checkouts Full call number Barcode Date last seen Price effective from Koha item type Public note
        Biblioteca Prof. Eusebio Cleto del Rey Biblioteca Prof. Eusebio Cleto del Rey   07/04/2026   336.1 M987 5ed. L86015 07/04/2026 07/04/2026 Libro  
        Biblioteca Prof. Eusebio Cleto del Rey Biblioteca Prof. Eusebio Cleto del Rey   07/04/2026   336.1 M987 5ed. L86016 07/04/2026 07/04/2026 Libro  
        Biblioteca Prof. Eusebio Cleto del Rey Biblioteca Prof. Eusebio Cleto del Rey   07/04/2026   336.1 M987 5ed. L86017 07/04/2026 07/04/2026 Libro  
        Biblioteca Prof. Eusebio Cleto del Rey Biblioteca Prof. Eusebio Cleto del Rey   07/04/2026   336.1 M987 5ed. L128173 07/04/2026 07/04/2026 Libro TAPA DOBLADA -